000 00437nam a2200157 i 4500
001 70283
003 ES-MaACL
005 20230906170757.0
007 t|
008 040721s1969 sp ||||1| spa d
100 1 _aGarcía Rivas, Graciela.
_955180
245 1 0 _aMi pequeña balada /
_cGraciela García Rivas.
260 _aSantiago :
_bEl Eco Franciscano,
_c1969.
300 _a55 p. ;
_c18 cm.
852 _aES-MaACL
_j2071-F-1
_bR.71674
999 _c70283
_d70283